| 000 | 00732nom a2200217 u 4500 | ||
|---|---|---|---|
| 005 | 20241012064147.0 | ||
| 008 | 191205n mx r 000 0 spa d | ||
| 035 | _aUPN01000234680 | ||
| 040 |
_aMX-MxUPN _bspa _cMX-MxUPN |
||
| 050 |
_aLB1140.35 E36 _bM63 |
||
| 245 | 0 | 0 |
_aAlfabeto móvil : _bcuadrados bicolores : preescolar : tercer grado. |
| 260 |
_aMéxico : _bSecretaría de Educación Pública, Comisión Nacional de Libros de Texto Gratuitos, _c200? |
||
| 300 | _a240 cuadrados bicolores | ||
| 650 | 4 |
_aJuegos educativos _93952 |
|
| 650 | 4 |
_aMateriales didácticos _97263 |
|
| 650 | 4 |
_aEducación preescolar _zMéxico _98933 |
|
| 905 | _aInfantil | ||
| 942 |
_2lcc _cKIT _n0 |
||
| 999 |
_c206775 _d206775 |
||